[Event "49th Continental Open"]
[Site "Sturbridge, MA"]
[Date "2019.08.18"]
[Round "8"]
[White "Chen, Maxwell"]
[Black "Barash, Anton"]
[Result "0-1"]
[WhiteElo "1808"]
[BlackElo "1996"]
[PlyCount "54"]
[EventDate "2019.08.??"]
[EventType "swiss"]
[EventRounds "9"]
[EventCountry "USA"]

1. c4 e5 2. g3 Nf6 3. Bg2 d5 4. cxd5 Nxd5 5. Nc3 Nb6 6. d3 Be7 7. Nf3 Nc6 8.
O-O O-O 9. Be3 Re8 10. Rc1 Be6 11. a3 f6 12. Na4 Nd4 13. Nxd4 exd4 14. Bf4 c6
15. Nc5 Bxc5 16. Rxc5 Qe7 17. Rc1 Bg4 18. Re1 g5 19. f3 gxf4 20. fxg4 fxg3 21.
hxg3 Qe3+ 22. Kh2 Qh6+ 23. Bh3 Nd5 24. Qa4 Nf4 25. gxf4 Re3 26. Rh1 Qxh3+ 27.
Kg1 Qxg4+ 0-1

[Event "49th Continental Open"]
[Site "Sturbridge, MA"]
[Date "2019.08.18"]
[Round "8"]
[White "Bader, Jeremy"]
[Black "Rade, Danny"]
[Result "1/2-1/2"]
[WhiteElo "1899"]
[BlackElo "1984"]
[PlyCount "49"]
[EventDate "2019.08.??"]
[EventType "swiss"]
[EventRounds "9"]
[EventCountry "USA"]

1. e4 c5 2. Nf3 g6 3. d4 cxd4 4. Nxd4 Nc6 5. c4 Nf6 6. Nc3 d6 7. Be2 Nxd4 8.
Qxd4 Bg7 9. Be3 O-O 10. Qd2 Be6 11. Rc1 Qa5 12. O-O Rfc8 13. b3 a6 14. f3 b5
15. Nd5 Qxd2 16. Bxd2 Nxd5 17. cxd5 Bd4+ 18. Kh1 Bd7 19. Rxc8+ Rxc8 20. Rc1
Rxc1+ 21. Bxc1 Kf8 22. Bd2 e6 23. dxe6 Bxe6 24. g4 f6 25. Kg2 1/2-1/2

[Event "49th Continental Open"]
[Site "Sturbridge, MA"]
[Date "2019.08.17"]
[Round "7.1"]
[White "Nyzhnyk, Illya"]
[Black "Paciorkowski, Lev"]
[Result "1-0"]
[WhiteElo "2666"]
[BlackElo "2200"]
[PlyCount "47"]
[EventDate "2019.08.??"]
[EventType "swiss"]
[EventRounds "9"]
[EventCountry "USA"]

1. c4 e5 2. Nc3 Bb4 3. Qc2 Nf6 4. Nf3 Nc6 5. e3 O-O 6. Nd5 Re8 7. Qf5 d6 8.
Nxf6+ Qxf6 9. Qxf6 gxf6 10. a3 Bc5 11. b4 Bb6 12. Bb2 a5 13. b5 Ne7 14. d4 a4
15. O-O-O c5 16. dxe5 dxe5 17. Nd2 Bf5 18. g4 Bg6 19. h4 h5 20. gxh5 Bh7 21.
Bg2 Rab8 22. Ne4 Bxe4 23. Bxe4 Kg7 24. Rhg1+ 1-0

[Event "49th Continental Open"]
[Site "Sturbridge, MA"]
[Date "2019.08.17"]
[Round "7.2"]
[White "Sheng, Joshua"]
[Black "Zherebukh, Yaroslav"]
[Result "1-0"]
[WhiteElo "2483"]
[BlackElo "2631"]
[PlyCount "80"]
[EventDate "2019.08.??"]
[EventType "swiss"]
[EventRounds "9"]
[EventCountry "USA"]

1. e4 c6 2. d4 d5 3. e5 Bf5 4. h4 a6 5. c4 e6 6. Nc3 h5 7. c5 Nd7 8. Bg5 f6 9.
exf6 gxf6 10. Be3 Qc7 11. Nge2 Ne7 12. Nf4 e5 13. Nxh5 O-O-O 14. Ng3 Bh7 15.
Na4 f5 16. dxe5 Nxe5 17. Nb6+ Kb8 18. Qa4 f4 19. Bxf4 N7g6 20. Be3 d4 21. Bxd4
Nf4 22. Bxa6 bxa6 23. O-O Ka7 24. Rac1 Nfd3 25. Rc3 Rg8 26. Rd1 Nxb2 27. Qa5
Nxd1 28. Bxe5 Qxe5 29. Ra3 Bd3 30. Nc8+ Kb7 31. Qxd8 Bb5 32. Nd6+ Bxd6 33. Qxg8
Bxc5 34. Rf3 Qe1+ 35. Kh2 Bxf2 36. Rf7+ Kb6 37. Qd8+ Kc5 38. Qf8+ Kc4 39. Rf4+
Kd5 40. Qf5+ Kd6 1-0

[Event "49th Continental Open"]
[Site "Sturbridge, MA"]
[Date "2019.08.17"]
[Round "7.3"]
[White "Mikhalevski, Victor"]
[Black "Zhou, Jianchao"]
[Result "1/2-1/2"]
[WhiteElo "2578"]
[BlackElo "2606"]
[PlyCount "52"]
[EventDate "2019.08.??"]
[EventType "swiss"]
[EventRounds "9"]
[EventCountry "USA"]

1. Nf3 Nf6 2. c4 g6 3. g3 Bg7 4. Bg2 O-O 5. O-O d6 6. Nc3 e5 7. d4 Nc6 8. d5
Ne7 9. e4 a5 10. Ne1 Nd7 11. Nd3 b6 12. Be3 Nc5 13. Nxc5 bxc5 14. Qd2 c6 15.
Rac1 cxd5 16. Nxd5 Nxd5 17. Qxd5 Be6 18. Qd2 Qb6 19. Rfd1 Ra6 20. Rc3 a4 21. h3
Rb8 22. b3 axb3 23. axb3 Qc7 24. Bh6 Bxh6 25. Qxh6 Rab6 26. Rdd3 Qe7 1/2-1/2

[Event "49th Continental Open"]
[Site "Sturbridge, MA"]
[Date "2019.08.17"]
[Round "7.4"]
[White "Kiewra, Keaton"]
[Black "Dragun, Kamil"]
[Result "1-0"]
[WhiteElo "2360"]
[BlackElo "2614"]
[PlyCount "119"]
[EventDate "2019.08.??"]
[EventType "swiss"]
[EventRounds "9"]
[EventCountry "USA"]

1. Nf3 Nf6 2. c4 b6 3. g3 Bb7 4. Bg2 g6 5. b3 Bg7 6. Bb2 c5 7. O-O O-O 8. d4
cxd4 9. Qxd4 d6 10. Nc3 Nbd7 11. Rfd1 Rc8 12. Rac1 a6 13. Qd3 Rc7 14. Qb1 Qa8
15. Qa1 Rfc8 16. Ne1 Bh6 17. Bxb7 Qxb7 18. e3 b5 19. cxb5 axb5 20. Ne2 Ne4 21.
Rxc7 Rxc7 22. Rc1 Ndc5 23. Nf4 e5 24. Nfg2 Ng5 25. Rc2 Nh3+ 26. Kf1 b4 27. Qd1
Ne4 28. Rxc7 Qxc7 29. Qc2 Qb7 30. f3 Nc5 31. Bc1 Bf8 32. e4 d5 33. exd5 Qxd5
34. Ne3 Qa8 35. Ng4 h5 36. Nxe5 Qd5 37. Nc4 Ne6 38. Kg2 Nhg5 39. h4 Nd4 40. Qd3
Nge6 41. Nc2 Bc5 42. Nxd4 Nxd4 43. Qe4 Qd7 44. Bb2 Kh7 45. Ne5 Qa7 46. Qd5 Ne6
47. Qd7 Qxd7 48. Nxd7 Ba7 49. Ne5 f5 50. Nd3 f4 51. Nxb4 fxg3 52. Kxg3 Bb8+ 53.
Kf2 g5 54. Nc6 Bc7 55. Be5 Bb6+ 56. Kg3 gxh4+ 57. Kxh4 Kh6 58. a4 Bf2+ 59. Kh3
Nc5 60. Bd4 1-0

[Event "49th Continental Open"]
[Site "Sturbridge, MA"]
[Date "2019.08.17"]
[Round "7"]
[White "Steingrimsson, Hedinn"]
[Black "Mulyar, Michael"]
[Result "1-0"]
[WhiteElo "2547"]
[BlackElo "2382"]
[PlyCount "39"]
[EventDate "2019.08.??"]
[EventType "swiss"]
[EventRounds "9"]
[EventCountry "USA"]

1. Nf3 d5 2. g3 Nf6 3. Bg2 c6 4. O-O Bg4 5. c4 e6 6. d3 dxc4 7. dxc4 Qxd1 8.
Rxd1 Nbd7 9. Nc3 Bb4 10. Na4 O-O-O 11. Be3 a6 12. a3 Ba5 13. Rdc1 Bc7 14. b4
Ne5 15. Nd4 Ned7 16. b5 axb5 17. cxb5 e5 18. bxc6 exd4 19. cxd7+ Bxd7 20. Rxc7+
1-0

[Event "49th Continental Open"]
[Site "Sturbridge, MA"]
[Date "2019.08.17"]
[Round "7"]
[White "Azarov, Sergei"]
[Black "Yanayt, Eugene"]
[Result "1-0"]
[WhiteElo "2589"]
[BlackElo "2264"]
[PlyCount "81"]
[EventDate "2019.08.??"]
[EventType "swiss"]
[EventRounds "9"]
[EventCountry "USA"]

1. e4 c5 2. Nf3 d6 3. d4 cxd4 4. Nxd4 Nf6 5. Nc3 a6 6. Bg5 Nbd7 7. f4 Qc7 8.
Be2 e6 9. O-O Be7 10. Kh1 h6 11. Bh4 b5 12. Bf3 Rb8 13. a3 Bb7 14. Bg3 O-O 15.
e5 dxe5 16. fxe5 Nh7 17. Qe2 Qc4 18. Qxc4 bxc4 19. Bxb7 Rxb7 20. Nc6 Re8 21.
Rad1 Nhf8 22. Na4 Ng6 23. Rd4 Rc8 24. Rxc4 Rbc7 25. Nxe7+ Nxe7 26. Rxc7 Rxc7
27. c3 Rb7 28. Re1 Rb5 29. c4 Ra5 30. b3 Nf5 31. Bf4 Nd4 32. Bd2 Rxe5 33. Rxe5
Nxe5 34. Nc5 Nec6 35. b4 Nc2 36. b5 Ne5 37. bxa6 Nc6 38. Nd3 Nxa3 39. Ne5 Na7
40. Bb4 f6 41. Bxa3 1-0

[Event "49th Continental Open"]
[Site "Sturbridge, MA"]
[Date "2019.08.17"]
[Round "7"]
[White "Balakrishnan, Praveen"]
[Black "Zeltsan, Joseph"]
[Result "1-0"]
[WhiteElo "2433"]
[BlackElo "2293"]
[PlyCount "80"]
[EventDate "2019.08.??"]
[EventType "swiss"]
[EventRounds "9"]
[EventCountry "USA"]

1. d4 d5 2. c4 e5 3. dxe5 d4 4. Nf3 Nc6 5. a3 g6 6. b4 Bg7 7. Bb2 Bg4 8. Nbd2
Nh6 9. h3 Bxf3 10. Nxf3 Nf5 11. g3 Qe7 12. Bg2 Rd8 13. O-O Nxe5 14. Nxe5 Bxe5
15. Bxb7 O-O 16. Qd3 h5 17. Bd5 Kh7 18. Rad1 Qd6 19. Be4 Ng7 20. Bd5 c6 21. Bg2
h4 22. f4 Bf6 23. e4 dxe3 24. Qxd6 Rxd6 25. Rxd6 Bxb2 26. Rd3 hxg3 27. Re1 Re8
28. Bxc6 Re6 29. Bf3 Nf5 30. Kg2 Ra6 31. Bg4 Rxa3 32. Rxa3 Bxa3 33. Bxf5 Bxb4
34. Rxe3 gxf5 35. Kxg3 a5 36. Re8 a4 37. Rb8 Be1+ 38. Kf3 a3 39. Ra8 Bb4 40.
Ra6 Kg7 1-0

[Event "49th Continental Open"]
[Site "Sturbridge, MA"]
[Date "2019.08.17"]
[Round "7"]
[White "Lapshun, Yury"]
[Black "Kavi, Nithin"]
[Result "1-0"]
[WhiteElo "2391"]
[BlackElo "1963"]
[PlyCount "61"]
[EventDate "2019.08.??"]
[EventType "swiss"]
[EventRounds "9"]
[EventCountry "USA"]

1. d4 Nf6 2. Nc3 d5 3. Bg5 Nbd7 4. Nf3 g6 5. e3 Bg7 6. Be2 O-O 7. h4 h5 8. Ne5
c6 9. Nxd7 Bxd7 10. Bxf6 exf6 11. g4 Bxg4 12. Bxg4 hxg4 13. Qxg4 f5 14. Qf3 Qd6
15. O-O-O Rfe8 16. h5 Rad8 17. Rdg1 f4 18. exf4 Re6 19. f5 Rf6 20. hxg6 fxg6
21. Rg5 Rdf8 22. Qg2 Rxf5 23. Rxg6 Qf4+ 24. Kb1 R8f7 25. Ne2 Qxf2 26. Qh3 Kf8
27. Ng3 R7f6 28. Rxg7 Kxg7 29. Qh8+ Kf7 30. Rh7+ Ke6 31. Qe8+ 1-0

[Event "49th Continental Open"]
[Site "Sturbridge, MA"]
[Date "2019.08.17"]
[Round "7"]
[White "Cordova, Emilio"]
[Black "Wu, Brandon"]
[Result "0-1"]
[WhiteElo "2599"]
[BlackElo "2023"]
[PlyCount "105"]
[EventDate "2019.08.??"]
[EventType "swiss"]
[EventRounds "9"]
[EventCountry "USA"]

1. Nf3 Nf6 2. c4 g6 3. b3 Bg7 4. Bb2 O-O 5. g3 d6 6. d4 a5 7. Nc3 Na6 8. Bg2
Nd7 9. O-O e5 10. Qd2 Re8 11. dxe5 Nxe5 12. Rad1 Nb4 13. Nxe5 Bxe5 14. c5 Ra6
15. a3 Nc6 16. cxd6 Qxd6 17. Qc1 Qc5 18. Rd5 Qe7 19. Rxe5 Qxe5 20. Nd5 Nd4 21.
Bxd4 Qxd4 22. Nxc7 Rae6 23. e3 Qb6 24. Nxe8 Rxe8 25. Qc3 Be6 26. b4 Rc8 27. Qd2
axb4 28. axb4 Ra8 29. h4 Ra3 30. Rb1 Bf5 31. Rc1 Rb3 32. Rc4 Rd3 33. Qb2 Be6
34. Rd4 Rxd4 35. exd4 Qb5 36. Qd2 Qd7 37. Qf4 Kg7 38. Qe5+ f6 39. Qc5 Kf7 40.
b5 Qc8 41. b6 Qd7 42. d5 Bf5 43. d6 Ke8 44. Qd4 Qf7 45. Qa4+ Kd8 46. Qd4 h5 47.
Bd5 Qg7 48. Qc3 Bc8 49. Bb3 Bf5 50. Ba4 Qf7 51. d7 Bxd7 52. Qc7+ Ke8 53. Qc8+
0-1

[Event "49th Continental Open"]
[Site "Sturbridge, MA"]
[Date "2019.08.17"]
[Round "7"]
[White "Rajesh, C.S."]
[Black "Bader, Jeremy"]
[Result "1-0"]
[WhiteElo "2145"]
[BlackElo "1899"]
[PlyCount "113"]
[EventDate "2019.08.??"]
[EventType "swiss"]
[EventRounds "9"]
[EventCountry "USA"]

1. c4 Nf6 2. Nf3 g6 3. g3 Bg7 4. Nc3 d6 5. Bg2 O-O 6. O-O e5 7. d3 Nc6 8. Bg5
h6 9. Bxf6 Bxf6 10. Rb1 a5 11. a3 Be6 12. Nd5 Bg7 13. b4 axb4 14. axb4 Ne7 15.
Nd2 c6 16. Nxe7+ Qxe7 17. b5 Qc7 18. Qb3 Rfc8 19. Ra1 Rxa1 20. Rxa1 e4 21. Rd1
d5 22. bxc6 Qxc6 23. Rb1 Rc7 24. Qb4 Bf8 25. Qa5 Bc5 26. cxd5 Bxd5 27. Bxe4 b6
28. Qb5 Qe6 29. Bxd5 Qxd5 30. Ne4 Qe6 31. Qb3 Rc6 32. Qxe6 Rxe6 33. Nxc5 bxc5
34. Kf1 Kg7 35. Rc1 Rc6 36. Rc4 Kf6 37. d4 Ke6 38. e4 Kd6 39. Rxc5 Rxc5 40.
dxc5+ Kxc5 41. Ke2 Kd4 42. f3 Ke5 43. Ke3 Ke6 44. f4 h5 45. Kd4 Kd6 46. h3 Ke6
47. g4 hxg4 48. hxg4 Kd6 49. g5 Ke6 50. Kc5 Ke7 51. Kd5 Kd7 52. f5 gxf5 53.
exf5 Ke7 54. f6+ Kd7 55. Ke5 Ke8 56. Kd6 Kd8 57. Kc6 1-0

[Event "49th Continental Open"]
[Site "Sturbridge, MA"]
[Date "2019.08.17"]
[Round "7"]
[White "Arun, Siddharth"]
[Black "Times, Lawyer"]
[Result "1-0"]
[WhiteElo "2045"]
[BlackElo "2139"]
[PlyCount "133"]
[EventDate "2019.08.??"]
[EventType "swiss"]
[EventRounds "9"]
[EventCountry "USA"]

1. e4 Nf6 2. e5 Nd5 3. d4 d6 4. Nf3 Nb6 5. c4 g6 6. exd6 cxd6 7. Nc3 Bg7 8. Be3
O-O 9. Be2 Nc6 10. O-O Bg4 11. b3 d5 12. c5 Nc8 13. b4 Bxf3 14. Bxf3 e6 15. b5
Na5 16. Be2 Ne7 17. Bg5 h6 18. Bxe7 Qxe7 19. Na4 Qf6 20. Qd2 Nc4 21. Bxc4 dxc4
22. Rac1 Rfd8 23. Rxc4 Rxd4 24. Rxd4 Qxd4 25. Qc2 Rc8 26. Rd1 Qb4 27. Qb3 Qa5
28. g3 Bf8 29. Rd7 Qe1+ 30. Kg2 Qe4+ 31. Qf3 Qxf3+ 32. Kxf3 Bxc5 33. Nxc5 Rxc5
34. Rxb7 Rc3+ 35. Ke4 Ra3 36. Ke5 Kg7 37. Kd6 Rxa2 38. f4 Kf6 39. Kd7 e5 40.
Ke8 e4 41. Rxf7+ Ke6 42. Re7+ Kd5 43. Kf7 Rxh2 44. Kxg6 Rg2 45. Kf5 Rxg3 46.
Rxe4 h5 47. Re7 Rb3 48. Kg5 Kd6 49. Rxa7 Rxb5+ 50. Kf6 Kd5 51. Re7 Rb6+ 52. Kg5
Re6 53. Rh7 Re8 54. Rxh5 Ke6 55. f5+ Kf7 56. Rh7+ Kg8 57. Kg6 Re1 58. Ra7 Rg1+
59. Kf6 Rf1 60. Ra8+ Kh7 61. Re8 Ra1 62. Kf7 Kh6 63. Re6+ Kg5 64. f6 Ra7+ 65.
Kg8 Kf5 66. Rb6 Ra8+ 67. Kg7 1-0

[Event "49th Continental Open"]
[Site "Sturbridge, MA"]
[Date "2019.08.17"]
[Round "7"]
[White "Yu, Alex"]
[Black "Poliannikov, Danila"]
[Result "0-1"]
[WhiteElo "1831"]
[BlackElo "2093"]
[PlyCount "112"]
[EventDate "2019.08.??"]
[EventType "swiss"]
[EventRounds "9"]
[EventCountry "USA"]

1. Nf3 Nf6 2. g3 c5 3. c4 d5 4. cxd5 Nxd5 5. Bg2 Nc6 6. d4 e6 7. O-O cxd4 8.
Nxd4 Bd7 9. e4 Nb6 10. Nc3 Nxd4 11. Qxd4 Bc6 12. Be3 Qxd4 13. Bxd4 f6 14. e5
Bxg2 15. Kxg2 Kf7 16. Nb5 Be7 17. exf6 gxf6 18. Nxa7 Rxa7 19. Bxb6 Ra6 20. Be3
Rc8 21. Rac1 Rxc1 22. Rxc1 Bd6 23. a3 Be5 24. Rc2 f5 25. Kf3 Kf6 26. Ke2 Ra4
27. f4 Bd6 28. Rd2 Ke7 29. Rd4 Ra8 30. Rc4 h5 31. Kd3 h4 32. gxh4 Rg8 33. a4
Rg2 34. Rc2 Rg4 35. Rf2 Rxh4 36. b4 Rh3 37. Kd4 Bxb4 38. Rb2 Bc3+ 39. Kxc3
Rxe3+ 40. Kd2 Re4 41. Rxb7+ Kf6 42. a5 Rxf4 43. Ke3 Rh4 44. Rb2 Ra4 45. Rb5 e5
46. Rb6+ Kg5 47. Rb5 Ra3+ 48. Kf2 e4 49. h4+ Kg4 50. h5 f4 51. h6 e3+ 52. Kg1
Ra1+ 53. Kg2 f3+ 54. Kh2 f2 55. Rb4+ Kf3 56. Rb5 Rh1+ 0-1

[Event "49th Continental Open"]
[Site "Sturbridge, MA"]
[Date "2019.08.17"]
[Round "7"]
[White "Taylor, Steven"]
[Black "Padmanabhan, Karthik"]
[Result "0-1"]
[WhiteElo "2045"]
[BlackElo "1990"]
[PlyCount "86"]
[EventDate "2019.08.??"]
[EventType "swiss"]
[EventRounds "9"]
[EventCountry "USA"]

1. Nf3 Nf6 2. c4 e6 3. g3 d5 4. Bg2 d4 5. O-O c5 6. e3 Nc6 7. exd4 cxd4 8. d3
Bd6 9. Na3 O-O 10. Nc2 e5 11. b4 Re8 12. b5 Ne7 13. a4 Nd7 14. a5 Rb8 15. Re1
f6 16. Nd2 Nc5 17. Ne4 Nxe4 18. Bxe4 a6 19. Bd2 Bd7 20. Qb1 Qc8 21. Rc1 Bf5 22.
Bb4 Bc5 23. Bxc5 Qxc5 24. Qb4 Rec8 25. Rab1 Bxe4 26. dxe4 axb5 27. cxb5 Qc7 28.
Qa3 Qd7 29. a6 Ra8 30. a7 b6 31. Qb3+ Kf8 32. Nb4 Rxa7 33. Rxc8+ Qxc8 34. Na6
Rd7 35. Qa3 d3 36. Rc1 Qb7 37. Qb4 d2 38. Rd1 Rd4 39. Qc3 Qxe4 40. Kf1 Rd3 41.
Qc2 Qh1+ 42. Ke2 Qf3+ 43. Kf1 Re3 0-1

[Event "49th Continental Open"]
[Site "Sturbridge, MA"]
[Date "2019.08.17"]
[Round "7"]
[White "Cheng, Michael"]
[Black "Matsumura, Cocoro"]
[Result "0-1"]
[WhiteElo "1954"]
[BlackElo "1829"]
[PlyCount "112"]
[EventDate "2019.08.??"]
[EventType "swiss"]
[EventRounds "9"]
[EventCountry "USA"]

1. d4 Nf6 2. c4 e6 3. Nc3 d5 4. cxd5 exd5 5. Bg5 Be7 6. e3 O-O 7. Bd3 h6 8. Bh4
b6 9. Nge2 Bb7 10. O-O Nbd7 11. Qc2 c5 12. Bf5 Ne4 13. Bxe7 Qxe7 14. Nxe4 dxe4
15. Bxd7 Qxd7 16. dxc5 Rfc8 17. Qd1 Qxd1 18. Rfxd1 bxc5 19. Rd7 Ba6 20. Ng3 Bd3
21. f3 Rd8 22. Rxd8+ Rxd8 23. fxe4 Re8 24. Rc1 c4 25. Kf2 Rb8 26. b3 cxb3 27.
axb3 Rxb3 28. Rc8+ Kh7 29. Rc7 a5 30. Rxf7 a4 31. Nf5 Bxe4 32. Rxg7+ Kh8 33.
Ra7 Rb2+ 34. Kg3 Bxf5 35. Rxa4 Bd3 36. Rh4 Kg7 37. Rf4 Re2 38. Rd4 Bb5 39. Kf3
Rc2 40. Rb4 Be2+ 41. Kf2 Bb5+ 42. Kf3 Bc6+ 43. e4 Kf6 44. h4 Ke5 45. g3 h5 46.
Ke3 Rc3+ 47. Kf2 Bxe4 48. Rb2 Rf3+ 49. Kg1 Rxg3+ 50. Kh2 Rg4 51. Kh3 Bf5 52.
Rb5+ Kf6 53. Kh2 Rxh4+ 54. Kg3 Rg4+ 55. Kh2 h4 56. Rb6+ Kg5 0-1

[Event "49th Continental Open"]
[Site "Sturbridge, MA"]
[Date "2019.08.17"]
[Round "6.1"]
[White "Zherebukh, Yaroslav"]
[Black "Nyzhnyk, Illya"]
[Result "1/2-1/2"]
[WhiteElo "2631"]
[BlackElo "2666"]
[PlyCount "24"]
[EventDate "2019.08.??"]
[EventType "swiss"]
[EventRounds "9"]
[EventCountry "USA"]

1. d4 d5 2. c4 c6 3. cxd5 cxd5 4. Nc3 Nf6 5. Nf3 Nc6 6. Bf4 Bf5 7. e3 e6 8. Qb3
Bb4 9. Ne5 Bxc3+ 10. bxc3 Nxe5 11. Bxe5 O-O 12. Rc1 Rc8 1/2-1/2

[Event "49th Continental Open"]
[Site "Sturbridge, MA"]
[Date "2019.08.17"]
[Round "6.2"]
[White "Sevian, Samuel"]
[Black "Mikhalevski, Victor"]
[Result "1/2-1/2"]
[WhiteElo "2665"]
[BlackElo "2578"]
[PlyCount "88"]
[EventDate "2019.08.??"]
[EventType "swiss"]
[EventRounds "9"]
[EventCountry "USA"]

1. e4 e5 2. Nf3 Nc6 3. Bc4 Bc5 4. d3 Nf6 5. Bg5 h6 6. Bh4 Be7 7. Nbd2 d6 8. c3
a6 9. a4 Nh5 10. Bg3 g6 11. O-O O-O 12. b4 Kg7 13. Ba2 f5 14. exf5 Nxg3 15.
fxg3 gxf5 16. Qb3 Bf6 17. Rae1 Ne7 18. Qc2 Qe8 19. Nc4 Bd7 20. a5 Qh5 21. Ne3
Rae8 22. d4 e4 23. Nd2 Bg5 24. Rf2 f4 25. gxf4 Bxf4 26. Ndf1 d5 27. c4 c6 28.
b5 axb5 29. cxb5 Bd6 30. bxc6 Bxc6 31. Ree2 Bb5 32. Rxf8 Rxf8 33. Rf2 Bd3 34.
Qb2 Rxf2 35. Qxf2 Qg5 36. Ng3 Kg6 37. Bb3 Bf4 38. Ngf1 Bxf1 39. Nxf1 Nc6 40.
Bxd5 Qxd5 41. Qxf4 Qxd4+ 42. Ne3 Qa1+ 43. Kf2 Qf6 44. Qxf6+ Kxf6 1/2-1/2

[Event "49th Continental Open"]
[Site "Sturbridge, MA"]
[Date "2019.08.17"]
[Round "6.3"]
[White "Mulyar, Michael"]
[Black "Dragun, Kamil"]
[Result "1/2-1/2"]
[WhiteElo "2382"]
[BlackElo "2614"]
[PlyCount "118"]
[EventDate "2019.08.??"]
[EventType "swiss"]
[EventRounds "9"]
[EventCountry "USA"]

1. d4 Nf6 2. Nf3 g6 3. c4 Bg7 4. g3 O-O 5. Bg2 d6 6. O-O c6 7. Nc3 Bf5 8. Re1
Ne4 9. Qb3 Nxc3 10. bxc3 Bc8 11. e4 Nd7 12. Ba3 Re8 13. Rad1 Qc7 14. c5 Nf8 15.
cxd6 exd6 16. h3 Be6 17. c4 Rad8 18. d5 Bc8 19. Bb2 Bxb2 20. Qxb2 cxd5 21. cxd5
Nd7 22. Qd2 Nc5 23. e5 Qe7 24. Qf4 Qf8 25. Bf1 dxe5 26. Nxe5 f6 27. Nf3 Bd7 28.
d6 Kg7 29. Rxe8 Rxe8 30. Qb4 b6 31. Qa3 Re6 32. Qxa7 Rxd6 33. Re1 Kh6 34. Qa3
Be6 35. Nd4 Bf7 36. Nb5 Rd7 37. Qe3+ Kg7 38. Nc3 Qd8 39. a4 Rd6 40. Rb1 Re6 41.
Qf3 Rd6 42. Qe3 Qe8 43. Qxe8 Bxe8 44. Nb5 Bxb5 45. Bxb5 f5 46. Rc1 Kf6 47. Kg2
h6 48. h4 g5 49. hxg5+ hxg5 50. Rc2 Ne6 51. Ra2 Nd4 52. Bf1 Nb3 53. Ra3 Na5 54.
Rf3 Nc6 55. Rb3 Nd4 56. Rb2 g4 57. Be2 Kg5 58. f3 Re6 59. Kf2 gxf3 1/2-1/2

[Event "49th Continental Open"]
[Site "Sturbridge, MA"]
[Date "2019.08.17"]
[Round "6.4"]
[White "Zhou, Jianchao"]
[Black "Ivanov, Alexander"]
[Result "1-0"]
[WhiteElo "2606"]
[BlackElo "2473"]
[PlyCount "43"]
[EventDate "2019.08.??"]
[EventType "swiss"]
[EventRounds "9"]
[EventCountry "USA"]

1. d4 Nf6 2. c4 e6 3. Nc3 Bb4 4. f3 d5 5. a3 Bd6 6. e4 c5 7. cxd5 exd5 8. Bb5+
Bd7 9. e5 cxd4 10. Qxd4 Bxb5 11. exf6 O-O 12. Nxb5 Qe8+ 13. Ne2 Qxb5 14. Nc3
Re8+ 15. Kf2 Qc6 16. Qxd5 Qb6+ 17. Kf1 Nd7 18. fxg7 Re5 19. Qc4 Nf6 20. g3 Rae8
21. Kg2 Rc5 22. Qd3 1-0

[Event "49th Continental Open"]
[Site "Sturbridge, MA"]
[Date "2019.08.17"]
[Round "6"]
[White "Yanayt, Eugene"]
[Black "Steingrimsson, Hedinn"]
[Result "1/2-1/2"]
[WhiteElo "2264"]
[BlackElo "2547"]
[PlyCount "120"]
[EventDate "2019.08.??"]
[EventType "swiss"]
[EventRounds "9"]
[EventCountry "USA"]

1. d4 d5 2. c4 c6 3. Nf3 Nf6 4. g3 dxc4 5. Bg2 g6 6. O-O Bg7 7. a4 O-O 8. Na3
Be6 9. Qc2 Na6 10. Bd2 Rc8 11. Ng5 Bg4 12. Qxc4 h6 13. Nf3 Be6 14. Qd3 c5 15.
Rac1 Bd5 16. Rfd1 Be4 17. Qe3 b6 18. Bc3 Qe8 19. Nb5 cxd4 20. Qxd4 Nc5 21. Qb4
a5 22. Qa3 Ba8 23. Bh3 Bxf3 24. exf3 Rd8 25. Bxa5 Nxa4 26. Qxa4 bxa5 27. Qxa5
Ra8 28. Qb4 Rb8 29. Rc5 e6 30. Qc4 Nd5 31. Nc7 Nxc7 32. Rxc7 Qb5 33. Bxe6 fxe6
34. Rdd7 Qxb2 35. Qxe6+ Kh7 36. Rxg7+ Qxg7 37. Rxg7+ Kxg7 38. Qe7+ Kg8 39. Kg2
Rbe8 40. Qd7 Rd8 41. Qe6+ Kg7 42. Qe7+ Kg8 43. h4 Rde8 44. Qd7 h5 45. g4 hxg4
46. fxg4 Re2 47. Qd5+ Rf7 48. Qd4 Rexf2+ 49. Qxf2 Rxf2+ 50. Kxf2 Kf8 51. Kf3
Kf7 52. Ke4 Ke6 53. Kf4 Kf6 54. g5+ Ke6 55. Ke4 Kd6 56. Kf4 Ke7 57. Kg4 Kf7 58.
Kg3 Ke7 59. Kh3 Ke6 60. Kg3 Ke7 1/2-1/2

[Event "49th Continental Open"]
[Site "Sturbridge, MA"]
[Date "2019.08.17"]
[Round "6"]
[White "Zeltsan, Joseph"]
[Black "Lapshun, Yury"]
[Result "1/2-1/2"]
[WhiteElo "2293"]
[BlackElo "2391"]
[PlyCount "62"]
[EventDate "2019.08.??"]
[EventType "swiss"]
[EventRounds "9"]
[EventCountry "USA"]

1. e4 c6 2. d4 d5 3. e5 Bf5 4. Nc3 e6 5. g4 Bg6 6. Nge2 f6 7. Nf4 fxe5 8. dxe5
Bf7 9. Qe2 Nd7 10. Bd2 Qc7 11. Nd3 Ne7 12. Bg2 h5 13. h3 hxg4 14. hxg4 Rxh1+
15. Bxh1 O-O-O 16. O-O-O d4 17. Ne4 Nxe5 18. Nxe5 Qxe5 19. f4 Qd5 20. Bb4 Qxa2
21. Nd6+ Rxd6 22. Bxd6 Qa1+ 23. Kd2 Qxb2 24. Qc4 Ng6 25. Bxf8 Nxf8 26. Be4 Nd7
27. g5 e5 28. Qxf7 Qc3+ 29. Kc1 Qa1+ 30. Kd2 Qc3+ 31. Kc1 Qa1+ 1/2-1/2

[Event "49th Continental Open"]
[Site "Sturbridge, MA"]
[Date "2019.08.17"]
[Round "6"]
[White "Wu, Brandon"]
[Black "Kiewra, Keaton"]
[Result "0-1"]
[WhiteElo "2023"]
[BlackElo "2360"]
[PlyCount "90"]
[EventDate "2019.08.??"]
[EventType "swiss"]
[EventRounds "9"]
[EventCountry "USA"]

1. Nf3 Nf6 2. g3 b6 3. Bg2 Bb7 4. c4 c5 5. Nc3 g6 6. O-O Bg7 7. Re1 O-O 8. e4
Nc6 9. e5 Ne8 10. d4 Nxd4 11. Nxd4 Bxg2 12. Kxg2 cxd4 13. Qxd4 d6 14. Bf4 dxe5
15. Qxd8 Rxd8 16. Bxe5 e6 17. Bxg7 Kxg7 18. Ne4 Rd4 19. Rac1 Nc7 20. c5 b5 21.
Rcd1 Rfd8 22. Nd6 Rxd1 23. Rxd1 Kf8 24. Rd4 Ke7 25. Kf3 e5 26. Re4 f6 27. Rh4
h5 28. g4 hxg4+ 29. Kxg4 Ke6 30. Rh6 Na6 31. Rxg6 Nxc5 32. Nxb5 Rd2 33. Kf3
Rxb2 34. Nxa7 Nd3 35. h4 Kf5 36. Rg1 Rxf2+ 37. Ke3 Rxa2 38. Nb5 Nf4 39. Nd6+
Ke6 40. Ne8 Ng2+ 41. Kf3 Nxh4+ 42. Kg4 Ra4+ 43. Kh3 Nf3 44. Rg6 Ng5+ 45. Kg2
Kf7 0-1

[Event "49th Continental Open"]
[Site "Sturbridge, MA"]
[Date "2019.08.17"]
[Round "6"]
[White "Tsay, Vincent"]
[Black "Cordova, Emilio"]
[Result "1/2-1/2"]
[WhiteElo "2164"]
[BlackElo "2599"]
[PlyCount "78"]
[EventDate "2019.08.??"]
[EventType "swiss"]
[EventRounds "9"]
[EventCountry "USA"]

1. d4 Nf6 2. Nf3 e6 3. g3 b6 4. Bg2 Bb7 5. c4 Bb4+ 6. Bd2 a5 7. O-O O-O 8. Bf4
Be7 9. Nc3 Na6 10. Ne5 d5 11. Rc1 c5 12. dxc5 Nxc5 13. cxd5 exd5 14. Nb5 Nfe4
15. Nd4 Bd6 16. Nec6 Qf6 17. Bxd6 Qxd6 18. Nf5 Qf6 19. Qd4 Qxd4 20. Ncxd4 g6
21. Nh4 Rac8 22. Nhf3 Na4 23. b3 Nac3 24. Rc2 b5 25. a3 b4 26. Ra1 Nc5 27. axb4
axb4 28. Ra5 N5e4 29. Rc1 Ra8 30. Rca1 Rxa5 31. Rxa5 Nd1 32. Rb5 Ba8 33. Rxb4
Rc8 34. Ne1 Nexf2 35. Ra4 Ne4 36. Nd3 Ndc3 37. Ra6 Bb7 38. Ra7 Nd6 39. Bf3 Kf8
1/2-1/2

[Event "49th Continental Open"]
[Site "Sturbridge, MA"]
[Date "2019.08.17"]
[Round "6"]
[White "Kavi, Nithin"]
[Black "Escalante Ramirez, Brian Sebasti"]
[Result "1-0"]
[WhiteElo "1963"]
[BlackElo "2452"]
[PlyCount "26"]
[EventDate "2019.08.??"]
[EventType "swiss"]
[EventRounds "9"]
[EventCountry "USA"]

1. Nf3 d5 2. d4 e6 3. c4 c6 4. Qc2 Nf6 5. g3 dxc4 6. Qxc4 b5 7. Qd3 Bb7 8. Bg2
Nbd7 9. O-O a6 10. a4 b4 11. Nbd2 c5 12. Nc4 Be4 13. Qd1 Nb6 1-0